<?xml version="1.0" encoding="UTF-8"?><?xml-stylesheet type="text/xsl" href="static/style.xsl"?><OAI-PMH xmlns="http://www.openarchives.org/OAI/2.0/" xmlns:xsi="http://www.w3.org/2001/XMLSchema-instance" xsi:schemaLocation="http://www.openarchives.org/OAI/2.0/ http://www.openarchives.org/OAI/2.0/OAI-PMH.xsd"><responseDate>2026-04-27T19:54:30Z</responseDate><request verb="GetRecord" identifier="oai:uvadoc.uva.es:10324/28294" metadataPrefix="marc">https://uvadoc.uva.es/oai/request</request><GetRecord><record><header><identifier>oai:uvadoc.uva.es:10324/28294</identifier><datestamp>2021-07-06T08:27:14Z</datestamp><setSpec>com_10324_28098</setSpec><setSpec>com_10324_5186</setSpec><setSpec>com_10324_29291</setSpec><setSpec>col_10324_28218</setSpec></header><metadata><record xmlns="http://www.loc.gov/MARC21/slim" xmlns:doc="http://www.lyncode.com/xoai" xmlns:xsi="http://www.w3.org/2001/XMLSchema-instance" xmlns:dcterms="http://purl.org/dc/terms/" xsi:schemaLocation="http://www.loc.gov/MARC21/slim http://www.loc.gov/standards/marcxml/schema/MARC21slim.xsd">
<leader>00925njm 22002777a 4500</leader>
<datafield tag="042" ind1=" " ind2=" ">
<subfield code="a">dc</subfield>
</datafield>
<datafield tag="720" ind1=" " ind2=" ">
<subfield code="a">Varo Zafra, Juan</subfield>
<subfield code="e">author</subfield>
</datafield>
<datafield tag="720" ind1=" " ind2=" ">
<subfield code="a">Godoy Navarro, Zaida</subfield>
<subfield code="e">author</subfield>
</datafield>
<datafield tag="720" ind1=" " ind2=" ">
<subfield code="a">Gil-Albarellos Pérez-Pedrero, Susana</subfield>
<subfield code="e">author</subfield>
</datafield>
<datafield tag="720" ind1=" " ind2=" ">
<subfield code="a">Steenmeijer, Maarten</subfield>
<subfield code="e">author</subfield>
</datafield>
<datafield tag="720" ind1=" " ind2=" ">
<subfield code="a">Montetes Mairal, Noemí</subfield>
<subfield code="e">author</subfield>
</datafield>
<datafield tag="720" ind1=" " ind2=" ">
<subfield code="a">Fuentes Gómez, Olga</subfield>
<subfield code="e">author</subfield>
</datafield>
<datafield tag="260" ind1=" " ind2=" ">
<subfield code="c">2007</subfield>
</datafield>
<datafield tag="520" ind1=" " ind2=" ">
<subfield code="a">Gómez López-Quiñones, Antonio. La guerra persistente. Madrid: Vervuert Iberoamericana, 2006.   Grohmann, Alexis y Steenmeijer, Maarten eds. El columnismo de escritores españoles (1975-2005). Madrid: Verbum, 2006.   Henseler, Christine y Pope, Randolph D. eds. Generation X Rocks: Contemporary Peninsular Fiction, Film, and Rock Culture. Nashville, Tennessee: Vanderbilt University Press, 2007. 264 páginas.   VV.AA. “Metaliteratura y metaficción. Balance crítico y perspectivas comparadas”. Revista ANTHROPOS, Nº 208 (2005).   Hidalgo Calle, Lola. Elementos populares y existencialistas en la obra del poeta Rafael Montesinos. Juan de la Cuesta Hispanic Monographs. Newark, Del: Juan de la Cuesta, 2006.   Joaquín Moreno Pedrosa. Poesía y poética de Antonio Carvajal. Sevilla: Padilla de Libros Editores &amp; Libreros, 2007.</subfield>
</datafield>
<datafield tag="024" ind2=" " ind1="8">
<subfield code="a">Siglo XXI. Literatura y Cultura Españolas; Núm. 5 (2007): Siglo XXI: Literatura y cultura españolas pags. 265-280</subfield>
</datafield>
<datafield tag="024" ind2=" " ind1="8">
<subfield code="a">2172-7457</subfield>
</datafield>
<datafield tag="024" ind2=" " ind1="8">
<subfield code="a">http://uvadoc.uva.es/handle/10324/28294</subfield>
</datafield>
<datafield tag="024" ind2=" " ind1="8">
<subfield code="a">265</subfield>
</datafield>
<datafield tag="024" ind2=" " ind1="8">
<subfield code="a">5</subfield>
</datafield>
<datafield tag="024" ind2=" " ind1="8">
<subfield code="a">280</subfield>
</datafield>
<datafield tag="245" ind1="0" ind2="0">
<subfield code="a">Reseñas</subfield>
</datafield>
</record></metadata></record></GetRecord></OAI-PMH>